| 000 | 00409nam a2200169Ia 4500 | ||
|---|---|---|---|
| 008 | 230524s9999 xx 000 0 und d | ||
| 020 | _a9788120331938 | ||
| 082 |
_a624.18341 _bGAM |
||
| 100 | _aM.L.Gambhir | ||
| 245 | 0 | _aDesign of Reinforced Concrete Structures | |
| 250 | _a9 | ||
| 260 |
_aNew Delhi _bPHI |
||
| 300 | _a"XIII,723p;" | ||
| 500 | _aQuantity Number: 1 | ||
| 650 | _aCivil | ||
| 942 | _cBK | ||
| 999 |
_c57803 _d57803 |
||